| 000 | 01441cam a2200373 i 4500 | ||
|---|---|---|---|
| 999 |
_c65708 _d65708 |
||
| 001 | 768714001 | ||
| 003 | CO-MdFUSB | ||
| 005 | 20200418145132.0 | ||
| 007 | ta | ||
| 008 | 910228t1990 enka e b 001 0 eng | ||
| 020 | _a0714120634 | ||
| 020 | _a9780714120638 | ||
| 020 | _a0292751303 | ||
| 020 | _a9780292751309 | ||
| 040 |
_aUKM _beng _cCO-MdFUSB _dUBA _dCO-MdFUSB _dMUQ _dOCLCQ _dBTCTA _dZWZ _dYDXCP _dOCLCQ _dOCLCF _dOCLCO _dOCLCQ _dSE4M6 _dBDX _dUEJ _dUWO _dOCLCQ _dGZM _erda |
||
| 041 | _aeng | ||
| 082 |
_223 _a299.21 _bM122 |
||
| 100 | 1 |
_aMcCall, Henrietta, _eautor |
|
| 245 | 1 | 0 |
_aMesopotamian myths / _cHenrietta McCall. |
| 264 | 1 |
_aLondon, Inglaterra : _bPublished for the Trustees of the British Museum by British Museum Publications, _c[1990] |
|
| 264 | 4 | _c© 1990 | |
| 300 |
_a80 páginas : _bilustraciones ; _c25 cm. |
||
| 336 |
_atexto _btxt _2rdacontent. |
||
| 337 |
_asin mediación _bn _2rdamedia. |
||
| 338 |
_avolumen _bnc _2rdacarrier. |
||
| 490 | 1 | _aThe Legendary past. | |
| 504 | _aIncluye referencias bibliográficas | ||
| 505 | _aIntroducción. -- Descubrimiento y desciframiento. -- Definiciones y tradición literaria. -- Dioses y mortales, autores y público. -- Gilgamesh y el Diluvio. -- La epopeya de la creación. -- Mitos más cortos. -- Mito y significado. | ||
| 653 | _aMitología, asirio-babilónica. | ||
| 830 | 0 | _aLegendary past. | |
| 942 | _cBK | ||
| 945 | _aJTF-925 | ||